000 00432nam a22001577a 4500
005 20170511151252.0
008 170511b xxu||||| |||| 00| 0 eng d
020 _a0192463600
040 _cPK-LaUMT
082 _aZIAC 297.01
_bEMA-M
100 _aEmad ud Din Khalil
245 _aMudakhal ila Islamiya maroof/
_cEmad ud Din Khalil
260 _aبیروت:
_bالمعھد العالمی،
_c1992
300 _a103 ص
942 _cBK
999 _c93421
_d93421